Philosophy as critical theory / (Record no. 169481)

MARC details
000 -LEADER
fixed length control field 00557nam a22001817a 4500
005 - DATE AND TIME OF LATEST TRANSACTION
control field 20191121142257.0
010 ## - LCCN (DPL NO)
LC control number ENG-126960
020 ## - INTERNATIONAL STANDARD BOOK NUMBER
International Standard Book Number 9789383657537
Terms of availability 30.00
035 ## - SYSTEM CONTROL NUMBER
System control number EN-110492
037 ## - SOURCE OF ACQUISITION
Source of stock number/acquisition DBAD/PUB
082 ## - DEWEY DECIMAL CLASSIFICATION NUMBER
Classification number 101
100 ## - MAIN ENTRY--PERSONAL NAME
Personal name Nielsen, Kai
245 ## - TITLE STATEMENT
Title Philosophy as critical theory /
Statement of responsibility, etc by Kai Nielsen
260 ## - PUBLICATION, DISTRIBUTION, ETC. (IMPRINT)
Place of publication, distribution, etc New Delhi
Name of publisher, distributor, etc Critical Quest
Date of publication, distribution, etc 2019
270 ## - ADDRESS
Address 420, G/Block, Phase VI , Aya Nagar
City New Delhi
Postal code 110047
Telephone number 9910036543
Electronic mail address criticalquest@gmail.com
300 ## - PHYSICAL DESCRIPTION
Extent 31p.
Dimensions 21cm(pbk)
942 ## - ADDED ENTRY ELEMENTS (KOHA)
Source of classification or shelving scheme Dewey Decimal Classification
Item type English Books
Classification part 101
Call number suffix NIE
Holdings
Withdrawn status Lost status Not for loan Collection code Home library Current library Date acquired Source of acquisition Cost, normal purchase price Full call number Barcode Copy number Cost, replacement price Koha item type
      Non-fiction Central Library Central Library 21/11/2019 DBAD/PUB 30.00 101 NIE EN-110492 1 30.00 English Books

© Delhi Public Library
Hit Counter
free hit counter